Quizzes
Events
Quiz Creation
Community
Videos
Private Events
Remove Ads
Sign In
Join for FREE
Feedback
Dark Mode
Quiz Categories
Sports
Geography
Music
Movies
Television
Just For Fun
Miscellaneous
History
Literature
Language
Science
Gaming
Entertainment
Religion
Holiday
For Kids
Quiz Lab
Recent
Popular Today
Quiz Kudos Today
Editor Picks
Curator Picks
Quizzes by...
Day
Popularity
Type
Ratings
Length
Year
Community
Subscriptions
Recent Discussions
Orange Saloon
Badges
Playlists
Quests
Create
Leaderboards
Showdown
Live 5
Trivia Bingo
Activity
Puzzle Library
Sporcle Events
Private Events
Virtual Trivia
Globe League
Become a Host
Pub Owners
SporcleCon
Opinionation
Our Games
Videos
Blog
Mobile Apps
Partnerships
Remove Ads and Go Orange
Feedback
Gaming
Video Games
Board Games
Card Games
Pokémon
Mario
Nintendo
Minecraft
Console
Toys
Legend of Zelda
Gaming
Video Games
Board Games
Card Games
Pokémon
Mario
Nintendo
Minecraft
Console
Toys
Legend of Zelda
Random Quiz
Search Sporcle
×
Quiz Lab
Quiz Lab
Gaming
Brotherhood
Type in answers that appear in a list
Type in answers that appear in a list
Classic
Best Score? Go Orange.
Assassins creed brotherhood characters Stats
Can you name the assassins creed brotherhood characters?
By
benlow123
10m
19 Questions
1,025 Plays
1,025 Plays
1,025 Plays
Comments
Comments
Give Quiz Kudos
Give Quiz Kudos
-
- Ratings
hide this ad
Replay
Link that replays current quiz
Next Quiz
Link to next quiz in quiz playlist
You Got
0%
They Got
Avg Score
48%
Avg Friend Score
Upgrade to see
Score Distribution
Jump to the score distribution portion of the page
Score
0/19
Timer
10:00
0
Plays Today
hint
characters
% Correct
Main character
Ezio auditore
94.9%
Main characters decendant
Desmond miles
87.3%
Artist and inventor
Leonardo da vinci
70.4%
The pope
Rodrigo borgia
65%
King of the borgia
Cesare borgia
64.7%
Main characters uncle
Mario auditore
61.6%
Main characters sister
Claudia auditore
55.7%
Cesare`s sister
Lucrezia borgia
53.9%
Main charactors mother
Maria auditore
45.7%
Futuristic god
Juno
45.7%
hint
characters
% Correct
Modern assassin
Lucy stillman
45%
Main characters dad
Giovanni Auditore
42.8%
Another member of the assassin team
Shaun hastings
39.4%
Creator of the animus 2.0
Rebecca crane
35.5%
Head of the animus project
Warren Vidic
34%
Subject
Subject 16
30%
Main charactors older brother
Federico auditore
28.3%
CEO of the abstertgo
Alan Rikkin
8.6%
Main characters ancestor
Domenico Auditore
3.4%
Quiz Playlist
Details
Report
Send in Message
Add To Playlist
Classic:
Type in answers that appear in a list
Last Updated: Jan 2, 2019
Quiz Scoreboard
CHALLENGE
Sign Up to Join the Scoreboard
Show All
Scores
Hide
Comments
May contain spoilers
Recently Published
An Introduction to Baseball
by treessimontrees
Sports
5m
Movies - When Are They Set?
by FPL_Elf
Movies
5m
Popular People in 1961
by mucciniale
History
6m
More to Explore
Quiz From the Vault
Featured Blog Post
Where Did the Easter Bunny Come From?
hide this ad
You Might Also Like...
Tags
assassin
Brotherhood
Character
Creed
Extra
Today's Top Quizzes in Gaming
Browse Gaming
hide this ad
Today's Top Quizzes in Brotherhood
Browse Brotherhood
Top Contributed Quizzes in Gaming
1
Destiny 2 exotic weapons by perk icons
2
5-to-1: Consoles
3
Ultimate Genshin Impact Logic Puzzle (up to 4.3)
4
7-to-1: Board Game Piece Blitz
5
5-to-1: Legend of Zelda
6
Franchise by Action Figure
7
Who's on the WWE 2K24 Cover?
8
Windmill: Pokémon
9
Genshin Impact Logic Puzzle Quiz
10
Legendary or Exotic?
Explore More
Trending Topics
Marvel
Anime
Crossword
Disney
Harry Potter
Kpop
NBA
Song
The Office
Country
Pokémon
Soccer
NFL
Puzzle
WWE
hide this ad
More By:
benlow123
Quiz
Plays
Rating
Category
Featured
Created
assassins creed brotherhood characters
1,025
1.88
Gaming
Jun 14, 2011
Arabic culture
504
1.25
Language
Jun 16, 2011
German Subjects
138
Language
Oct 24, 2011
alphabet backwards
12
1.00
Literature
Jun 15, 2011
Go to Creator's Profile
Score Distribution
Quiz Creator Spotlight
benlow123
Follow
Send a Message
Quizzes Created
-
Created Quiz Play Count
-
More By This Creator
Popular Quizzes Today
1
Find the Countries of Europe - No Outlines Minefield
2
Find the US States - No Outlines Minefield
3
The Countries of the World
4
Popular People in 1961
5
US States
6
Find the US States
7
1-10 Letter E Words III
8
Risky Map Clicking: Biggest States A-Z
More Gaming Quizzes
Poké-Click
Published
Trending Quizzes
Risky Map Clicking: Least Populous States A-Z
1-10 Letter F Words
1-10 Letter G Words
Not Quite an Element Typing Challenge
One Thing in Common: United Kingdom
Recently Updated
Leaping Animals
pecheneg
Reality TV Shows (A-Z)
bhenderson79
Rickey Henderson's Hall of Fame Teammates
pecheneg
Champions League XIs: Arsenal
pecheneg
Quick Pick: Celebrities in WWE's Hall of Fame
aduchscher
A-Z Keypad Blitz II
pecheneg
Multiple Oscar Actors
pecheneg
Mystery Phrase Blitz: Oscar 'Best Actors'
pecheneg
F. Scott Fitzgerald Novels
LTH
Pick 3 Villains
ddd62291
Trending Topics
Crossword
Anime
NBA
Disney
Harry Potter
Kpop
Marvel
Soccer
NFL
The Office
Pokémon
Country
Song
WWE
Puzzle
Your Account Isn't Verified!
In order to create a playlist on Sporcle, you need to verify the email address you used during registration. Go to your
Sporcle Settings
to finish the process.
Report this User
Report this user for behavior that violates our
Community Guidelines
.
Details:
Send Report
Go to the Sporcle.com Mobile Site →
Comments